Power in movement Social movements and contentious politics /
Los movimientos sociales tienen un poder esquivo pero que es totalmente real. Desde las revoluciones francesas y estadounidenses a los movimientos post-Soviética, étnicos y terroristas de hoy, el conflicto político ejerce un fugaz pero poderosa influencia en las relaciones internacionales, políticas...
Tallennettuna:
| Päätekijä: | |
|---|---|
| Aineistotyyppi: | Tuntematon |
| Kieli: | English |
| Julkaistu: |
New York (State) :
Cambridge University Press
|
| Painos: | 2 |
| Aiheet: | |
| Tagit: |
Lisää tagi
Ei tageja, Lisää ensimmäinen tagi!
|
MARC
| LEADER | 00000 a2200000 04500 | ||
|---|---|---|---|
| 001 | 40143 | ||
| 003 | cru CIDCACS/IIS | ||
| 005 | 20171109140416.0 | ||
| 008 | 050620s1998 nyu eng d | ||
| 999 | |c 13272 |d 13272 | ||
| 020 | |a 0-521-62947-0 | ||
| 040 | |c CIDCACS/IIS | ||
| 090 | |a 05.03.04 T192p | ||
| 100 | |a Tarrow, Sidney | ||
| 245 | |a Power in movement Social movements and contentious politics / |c Sidney Tarrow | ||
| 250 | |a 2 | ||
| 260 | |a New York (State) : |b Cambridge University Press | ||
| 300 | |a 271 páginas | ||
| 500 | |a Colección Cambio Social donada por Paul Almeida. En colección también la versión en español | ||
| 520 | |a Los movimientos sociales tienen un poder esquivo pero que es totalmente real. Desde las revoluciones francesas y estadounidenses a los movimientos post-Soviética, étnicos y terroristas de hoy, el conflicto político ejerce un fugaz pero poderosa influencia en las relaciones internacionales, políticas y sociales. Este estudio examina la historia moderna de los movimientos sociales en Occidente y su difusión a los países del Sur a través de la guerra y el colonialismo. Propone una teoría para explicar sus oleadas cíclicas y descensos. Ofrece una interpretación de la potencia de los movimientos que hace hincapié en los efectos sobre la vida de los militantes, las reformas políticas, las instituciones políticas y cambio cultural. El libro se centra en el ascenso y caída de los movimientos sociales como parte de la polémica política en general y como resultado de cambios en oportunidades políticas y restricciones, estrategia de estado, los nuevos medios de comunicación y difusión transnacional. | ||
| 590 | |a RRA/NOVIEMBRE2012 | ||
| 650 | |a MOVIMIENTOS SOCIALES | ||
| 650 | |a TEORIA SOCIAL | ||
| 650 | |a COMPORTAMIENTO SOCIAL | ||
| 650 | |a CONFLICTOS SOCIALES | ||
| 650 | |a ESTRUCTURA SOCIAL | ||
| 942 | |2 ddc |c LI | ||



